| 000 | 00510nam a2200157 a 4500 | ||
|---|---|---|---|
| 001 | 000005069 | ||
| 005 | 20200929151553.0 | ||
| 008 | 090729s2000 dr 000 0 spa d | ||
| 040 |
_aDO-SdBNP _bspa _cBNPHU |
||
| 082 |
_axxxx _bM538s |
||
| 100 | 1 |
_aMéndez, Abradjam _d1961- _914567 |
|
| 245 | 1 | 3 |
_aLa seguridad jurídica en la República Dominicana : _bensayo / _cAbradjam Méndez. |
| 260 |
_aSanto Domingo : _b[s.n.], _c2000. |
||
| 300 |
_a67 p. ; _c22 cm. |
||
| 504 | _aIncluye referencias bibliográficas (p.66-67) | ||
| 999 |
_c4873 _d4873 |
||